01125nam a2200193Ia 4500001001000000003001000010008004100020040002500061041001300086100002000099245003500119250001100154260008100165300002700246500026000273501011400533520026000647650002400907L230-5987IT-CnALBA170116s9999||||xx |||||||||||||| ||und|| aIT-CnALBAcIT-CnALBA aITALIANO aMONDIN BATTISTA 0aI TEOLOGI DELLA MORTE DI DIO.  a1a ed. a TORINO. ROMAbBORLA EDITORE c1968 [1° Ed.:1968 - Ed.Ling.Originale: 1968] a212 p. (prefazione: 9) aSTORIA DEL MOVIMENTO DELL'ATEISMO CRISTIANO E DIAGNOSI DELLE DOTTRINE. CAUSE DELL'ATEISMO CRISTIANO. PRECURSORI. ROBINSON E COX. HAMILTON WILLIAM. PAUL VAN BUREN. ALTIZER THOMAS. ATEISMO CRISTIANO CATTOLICO: LESLIE DEWART. MERITI E DEMERITI DELL'ATEISMO C aSocietà San Paolo EM - Piazza San Paolo, 14 - 12051 ALBA (CN) (non commercial uses only) ® Copyright 2017 aSTORIA DEL MOVIMENTO DELL'ATEISMO CRISTIANO E DIAGNOSI DELLE DOTTRINE. CAUSE DELL'ATEISMO CRISTIANO. PRECURSORI. ROBINSON E COX. HAMILTON WILLIAM. PAUL VAN BUREN. ALTIZER THOMAS. ATEISMO CRISTIANO CATTOLICO: LESLIE DEWART. MERITI E DEMERITI DELL'ATEISMO C aDOGMATICA CRISTIANA